<?xml version="1.0" encoding="UTF-8"?>
<record
    xmlns:xsi="http://www.w3.org/2001/XMLSchema-instance"
    xsi:schemaLocation="http://www.loc.gov/MARC21/slim http://www.loc.gov/standards/marcxml/schema/MARC21slim.xsd"
    xmlns="http://www.loc.gov/MARC21/slim">

  <leader>00863naa a2200253 uc4500</leader>
  <controlfield tag="001">889235</controlfield>
  <controlfield tag="005">20240227091557.0</controlfield>
  <controlfield tag="008">040908e19850801                    eng  </controlfield>
  <datafield tag="035" ind1=" " ind2=" ">
    <subfield code="a">889235</subfield>
  </datafield>
  <datafield tag="040" ind1=" " ind2=" ">
    <subfield code="c">comduadb</subfield>
  </datafield>
  <datafield tag="041" ind1=" " ind2=" ">
    <subfield code="a">eng</subfield>
  </datafield>
  <datafield tag="082" ind1=" " ind2="4">
    <subfield code="a">813</subfield>
  </datafield>
  <datafield tag="100" ind1="1" ind2="0">
    <subfield code="a">Cooper, James Fenimore,</subfield>
    <subfield code="d">1789-1851</subfield>
    <subfield code="4">aut</subfield>
    <subfield code="e">aut</subfield>
    <subfield code="9">475899</subfield>
  </datafield>
  <datafield tag="245" ind1="1" ind2="4">
    <subfield code="a">The deerslayer : or, the first war-path</subfield>
  </datafield>
  <datafield tag="260" ind1=" " ind2=" ">
    <subfield code="a">Estados Unidos :</subfield>
    <subfield code="b">Library of America,</subfield>
    <subfield code="c">1985.</subfield>
  </datafield>
  <datafield tag="300" ind1=" " ind2=" ">
    <subfield code="a">p.483-1030</subfield>
  </datafield>
  <datafield tag="490" ind1="0" ind2=" ">
    <subfield code="a">The Library of America ;</subfield>
    <subfield code="v">27</subfield>
  </datafield>
  <datafield tag="650" ind1=" " ind2="7">
    <subfield code="a">Novela polic&#xED;aca</subfield>
    <subfield code="2">armarc</subfield>
    <subfield code="9">8152</subfield>
  </datafield>
  <datafield tag="650" ind1=" " ind2="7">
    <subfield code="a">Literatura estadounidense</subfield>
    <subfield code="2">lemb</subfield>
    <subfield code="9">6600</subfield>
  </datafield>
  <datafield tag="650" ind1=" " ind2="7">
    <subfield code="a">Novela polic&#xED;aca</subfield>
    <subfield code="2">armarc</subfield>
    <subfield code="9">8152</subfield>
  </datafield>
  <datafield tag="773" ind1="0" ind2=" ">
    <subfield code="t">The leatherstocking tales : v.2</subfield>
    <subfield code="w">864130</subfield>
    <subfield code="z">0940450216</subfield>
    <subfield code="w">(OCoLC)777878291</subfield>
    <subfield code="0">307134</subfield>
  </datafield>
  <datafield tag="787" ind1="0" ind2="8">
    <subfield code="i">V&#xE9;ase Adem&#xE1;s</subfield>
    <subfield code="t">American poetry and prose</subfield>
    <subfield code="d">1970</subfield>
    <subfield code="b">5. edici&#xF3;n</subfield>
    <subfield code="w">1529748</subfield>
  </datafield>
  <datafield tag="942" ind1=" " ind2=" ">
    <subfield code="c">BKCAP</subfield>
    <subfield code="n">0</subfield>
  </datafield>
  <datafield tag="999" ind1=" " ind2=" ">
    <subfield code="c">324776</subfield>
    <subfield code="d">324776</subfield>
  </datafield>
</record>
